[Event "AUTO-OPEN-1375"]
[Site "http://www.queenalice.com/game.php?id=569651"]
[Date "2009.4.10"]
[Round "2"]
[White "Mick_Gray"]
[Black "fabricec121"]
[Result "0-1"]
[WhiteElo "1894"]
[BlackElo "2220"]

1. d4 Nf6 2. Bg5 e6 3. e4 h6 4. Bxf6 Qxf6 5. Nf3 d6 6. e5 dxe5 7. Nxe5 Nd7 8.
Nxd7 Bxd7 9. Be2 c5 10. c3 Bc6 11. Nd2 cxd4 12. cxd4 Qxd4 13. O-O Rd8 14. Nc4
Qe4 15. Qe1 Qxg2# 0-1

[Event "AUTO-OPEN-1375"]
[Site "http://www.queenalice.com/game.php?id=569652"]
[Date "2009.4.10"]
[Round "2"]
[White "fabricec121"]
[Black "Mick_Gray"]
[Result "1-0"]
[WhiteElo "2212"]
[BlackElo "1846"]

1. d4 d5 2. Nf3 Nf6 3. g3 c5 4. Bg2 c4 5. O-O e6 6. b3 cxb3 7. axb3 Bb4 8. c4 b6
9. Ne5 Qd6 10. Nd3 Bb7 11. Nxb4 Qxb4 12. Ba3 Qa5 13. b4 Qa6 14. b5 Qa5 15. Qc1
a6 16. Nc3 axb5 17. Nxb5 Kd8 18. Qf4 Nbd7 19. Qc7+ Ke8 20. Nd6+ Kf8 21. Nxb7+
Ke8 22. Nxa5 bxa5 23. cxd5 exd5 24. Qd6 Kd8 25. Rac1 Re8 26. Qc7# 1-0

[Event "AUTO-ELITE-321"]
[Site "http://www.queenalice.com/game.php?id=569942"]
[Date "2009.4.10"]
[Round "1"]
[White "fabricec121"]
[Black "mauriciov"]
[Result "1/2-1/2"]
[WhiteElo "2248"]
[BlackElo "2427"]

1. d4 Nf6 2. c4 g6 3. Nc3 Bg7 4. e4 d6 5. Be2 O-O 6. Nf3 e5 7. O-O c6 8. Re1 Na6
9. Bf1 Bg4 10. d5 Qc7 11. a3 Qe7 12. b4 Nc7 13. h3 Bd7 14. dxc6 bxc6 15. Be3 Ne6
16. Qd2 a5 17. Red1 axb4 18. axb4 Rfb8 19. Rxa8 Rxa8 20. Qxd6 Qxd6 21. Rxd6 Bf8
22. Rd3 Bxb4 23. Nxe5 Bxc3 24. Rxc3 Nxe4 25. Rb3 Be8 26. Rb6 c5 27. Bd3 Nc3 28.
g3 Ra1+ 29. Kg2 Kg7 30. Rb8 Ba4 31. Rb7 Be8 32. Rb8 1/2-1/2

[Event "AUTO-ELITE-321"]
[Site "http://www.queenalice.com/game.php?id=569943"]
[Date "2009.4.10"]
[Round "1"]
[White "mauriciov"]
[Black "fabricec121"]
[Result "0-1"]
[WhiteElo "2376"]
[BlackElo "2270"]

1. d4 Nf6 2. Nf3 e6 3. Bg5 c5 4. e3 Be7 5. dxc5 Qa5+ 6. Nbd2 Qxc5 7. Nb3 Qc7 8.
Be2 O-O 9. O-O d6 10. Qd3 b6 11. Nbd4 a6 12. a4 Nbd7 13. a5 b5 14. b4 d5 15. c3
Bd6 16. Rac1 e5 17. Qb1 exd4 18. cxd4 Qb8 19. Qb3 Bb7 20. Bd3 h6 21. Bh4 Ne4 22.
Rfd1 Re8 23. Re1 Re6 24. Re2 Qf8 25. Rec2 Rb8 26. Qb1 Bxb4 27. Rc7 Ndf6 28. Bxf6
gxf6 29. Qa2 Re7 30. R7c2 Qd8 31. Nh4 Nd6 32. Bf5 Qxa5 33. Qb3 Qa3 34. Qb1 Qa4
35. Rf1 a5 36. Qd1 Re4 37. Bxe4 dxe4 38. Qe2 Qb3 0-1

[Event "AUTO-ELITE-321"]
[Site "http://www.queenalice.com/game.php?id=569944"]
[Date "2009.4.10"]
[Round "1"]
[White "fabricec121"]
[Black "Cevapcic"]
[Result "0-1"]
[WhiteElo "2278"]
[BlackElo "2364"]

1. d4 d5 2. Nf3 Nf6 3. g3 Bf5 4. Bg2 e6 5. O-O c6 6. c4 Be7 7. Nc3 Ne4 8. Nd2
Nxd2 9. Bxd2 O-O 10. e4 dxe4 11. Be3 Nd7 12. Nxe4 Nf6 13. Nxf6+ Bxf6 14. g4 Bg6
15. f4 Qd7 16. h4 Bxh4 17. g5 f5 18. Qd2 Rad8 19. Rf3 e5 20. fxe5 f4 21. Bxf4
Qxd4+ 22. Qxd4 Rxd4 23. Be3 Rxf3 24. Bxd4 Rf5 25. Rd1 Rxg5 26. Bxa7 Be4 27. Rd2
Bxg2 28. Rxg2 Rxe5 29. Bd4 Rg5 30. b3 Rxg2+ 31. Kxg2 Be7 32. Kf3 h5 33. Ke4 Kf7
34. a4 g6 35. c5 Bf6 36. Bg1 Bc3 37. Kd3 Be5 38. b4 Ke6 39. Ke4 h4 40. b5 cxb5
41. axb5 h3 42. c6 h2 43. Bxh2 Bxh2 44. cxb7 g5 45. Kf3 Kf5 46. Kg2 Bb8 47. Kg1
Ke4 48. Kg2 g4 49. Kf2 g3+ 0-1

[Event "AUTO-ELITE-321"]
[Site "http://www.queenalice.com/game.php?id=569945"]
[Date "2009.4.10"]
[Round "1"]
[White "Cevapcic"]
[Black "fabricec121"]
[Result "1/2-1/2"]
[WhiteElo "2267"]
[BlackElo "2245"]

1. e4 e6 2. d4 d5 3. Nd2 dxe4 4. Nxe4 Nd7 5. Nf3 Ngf6 6. Bd3 Nxe4 7. Bxe4 Nf6 8.
Bg5 Be7 9. Bd3 c5 10. Qe2 O-O 11. O-O-O Qa5 12. Kb1 cxd4 13. h4 Bd7 14. Nxd4 Bc6
15. Nxc6 bxc6 16. Bd2 Qb6 17. c4 Rfb8 18. Bc3 Rb7 19. g4 1/2-1/2

[Event "Challenge"]
[Site "http://www.queenalice.com/game.php?id=581290"]
[Date "2009.5.2"]
[Round "-"]
[White "laurentb121"]
[Black "fabricec121"]
[Result "1/2-1/2"]
[WhiteElo "2256"]
[BlackElo "2284"]

1. e4 c5 2. Nc3 Nc6 3. f4 e6 4. Nf3 d5 5. Bb5 Ne7 6. exd5 exd5 7. Qe2 Qd6 8. Ne5
Bd7 9. O-O f6 10. Bxc6 Bxc6 11. Nb5 Qd8 12. Nxc6 bxc6 13. Nc3 Kf7 14. f5 Qd7 15.
Qf3 Nc8 16. d3 Nb6 17. Bd2 Bd6 18. Qh5+ Kg8 19. Rae1 Qf7 20. Qg4 Be5 21. Ne2 g5
22. fxg6 hxg6 23. Nf4 Re8 24. Rxe5 fxe5 25. Nxg6 Qg7 26. Rf5 Nd7 27. Rg5 Nf6 28.
Qf5 Rh5 29. Ne7+ Rxe7 30. Qc8+ Kh7 31. Rxg7+ Kxg7 32. Qxc6 Rf5 33. Qxc5 Rf7 34.
h3 Rf1+ 35. Kh2 Kg6 36. Bc3 d4 37. Ba5 Rh7 38. Bc7 Rh5 39. Bd8 Ng4+ 40. Kg3 Ne3
41. Qd6+ Kg7 42. Qd7+ Rf7 43. Qe6 Rhf5 44. h4 Kh7 45. Bg5 Nxc2 46. Qh6+ Kg8 47.
Qg6+ Kh8 48. Qc6 Ne1 49. Qe4 Nc2 50. a3 Kg8 51. Qe2 Ne3 52. Bxe3 dxe3 53. Qxe3
Rd7 54. Kh3 Kf7 55. g4 Rf4 56. Qxe5 Rxd3+ 57. Kh2 Rf2+ 58. Kg1 Rdd2 59. Qc7+ Kg8
60. Qb8+ Rf8 61. Qb3+ Kh7 62. Qe3 Rxb2 63. Qd3+ Kg8 64. Qg6+ Kh8 65. h5 Rbf2 66.
Qh6+ Kg8 67. Qe6+ R8f7 68. h6 Rf6 69. Qe3 Kh7 70. g5 Rf5 71. Kh2 Kg6 72. Qh3
Rxg5 73. Qe6+ Rf6 74. Qe7 Rf2+ 75. Kh3 Rf3+ 76. Kh2 Kxh6 77. Qxa7 Rff5 78. Qe3
Kg6 79. a4 1/2-1/2

[Event "AUTO-MASTER-724"]
[Site "http://www.queenalice.com/game.php?id=584141"]
[Date "2009.5.6"]
[Round "2"]
[White "fabricec121"]
[Black "mennecy91"]
[Result "1/2-1/2"]
[WhiteElo "2281"]
[BlackElo "2297"]

1. d4 Nf6 2. c4 e6 3. Nf3 b6 4. g3 Bb7 5. Bg2 Be7 6. O-O O-O 7. Nc3 Ne4 8. Qc2
Nxc3 9. Qxc3 f5 10. b3 Bf6 11. Bb2 d6 12. Rad1 Qe7 13. Ne1 Bxg2 14. Nxg2 Nc6 15.
Qf3 Qd7 16. Nf4 Rae8 17. e3 e5 18. Nd5 e4 19. Qe2 Ne7 20. Nxf6+ Rxf6 21. d5 Rf7
22. Qd2 Ng6 23. f4 exf3 24. Rxf3 Ne5 25. Rf4 Rfe7 26. Bd4 g6 27. Rdf1 c5 28.
dxc6 Qxc6 29. h3 d5 30. cxd5 Qxd5 31. g4 fxg4 32. hxg4 Rd7 33. Qf2 Nf7 1/2-1/2

[Event "AUTO-MASTER-724"]
[Site "http://www.queenalice.com/game.php?id=584142"]
[Date "2009.5.6"]
[Round "2"]
[White "mennecy91"]
[Black "fabricec121"]
[Result "0-1"]
[WhiteElo "2191"]
[BlackElo "2264"]

1. d4 Nf6 2. Nf3 e6 3. Bg5 d5 4. Nbd2 Be7 5. e3 c5 6. c3 Nbd7 7. Bd3 b6 8. O-O
Bb7 9. Ne5 Nxe5 10. dxe5 Nd7 11. Bxe7 Qxe7 12. f4 f6 13. Qh5+ Qf7 14. Qh3 O-O-O
15. e4 fxe5 16. exd5 Bxd5 17. fxe5 Qe7 18. Nc4 Kb8 19. Qg3 h5 20. Rae1 h4 21.
Qg4 h3 22. g3 b5 23. Nd2 c4 24. Bg6 Rhf8 25. Rxf8 Nxf8 26. Be4 Qc5+ 27. Kf1 Nd7
28. Nf3 Rf8 29. Ke2 Bxe4 30. Qxe4 Qc7 31. Qd4 Nc5 32. Qd6 Qxd6 33. exd6 Nd3 34.
Rb1 Kb7 35. b3 Kc6 36. a4 bxa4 37. bxc4 Nc5 38. Rd1 Nd7 39. Ke3 a3 40. Ra1 a5
41. Rxa3 Ra8 42. Nd4+ Kxd6 43. Nb5+ Ke7 44. Nd4 Kf6 45. Nc6 a4 46. Kf4 Rc8 47.
Na5 e5+ 48. Ke4 Ke6 49. Nb7 Rb8 50. Na5 Nc5+ 51. Kf3 Rb6 52. Ra1 Ra6 53. Kg4
Rxa5 54. Kxh3 a3 0-1

[Event "AUTO-MASTER-724"]
[Site "http://www.queenalice.com/game.php?id=584143"]
[Date "2009.5.6"]
[Round "2"]
[White "fabricec121"]
[Black "Conde7"]
[Result "0-1"]
[WhiteElo "2285"]
[BlackElo "2562"]

1. d4 d5 2. Nf3 Nc6 3. c4 Bg4 4. cxd5 Bxf3 5. dxc6 Bxc6 6. Nc3 Nf6 7. f3 e5 8.
dxe5 Nd7 9. e4 Bb4 10. Qb3 Qh4+ 11. g3 Qe7 12. Be2 Nxe5 13. Bf4 Ng6 14. O-O-O
Nxf4 15. gxf4 O-O 16. Nd5 Bxd5 17. Qxd5 Bc5 18. Kb1 Be3 19. f5 Rad8 20. Qb3 Bd4
21. Rd2 Rd6 22. Rhd1 Rb6 23. Qd3 c5 24. f4 Qh4 25. Qg3 Qf6 26. e5 Qxf5+ 27. Bd3
Qd7 28. Rg2 g6 29. Rc2 Qa4 30. Rdd2 Qb4 31. Re2 Rd8 32. Qg5 Rd7 33. b3 Bc3 34.
Qg3 Rd4 35. Rc1 Qa5 36. e6 fxe6 37. f5 Rxb3+ 38. axb3 Qa1+ 39. Kc2 Qb2+ 40. Kd1
Qxb3+ 41. Rec2 c4 42. Qb8+ Kf7 43. fxe6+ Ke7 44. Qc7+ Kxe6 45. Qxh7 g5 0-1

[Event "AUTO-MASTER-724"]
[Site "http://www.queenalice.com/game.php?id=584144"]
[Date "2009.5.6"]
[Round "2"]
[White "Conde7"]
[Black "fabricec121"]
[Result "1/2-1/2"]
[WhiteElo "2483"]
[BlackElo "2223"]

1. e4 e6 2. d4 d5 3. Nd2 dxe4 4. Nxe4 Nd7 5. Nf3 Ngf6 6. Nxf6+ Nxf6 7. Bd3 c5 8.
dxc5 Bxc5 9. Qe2 O-O 10. Bg5 h6 11. Bd2 e5 12. O-O-O Re8 13. Bc3 Qb6 14. Nxe5
Be6 15. Qf3 Bd5 16. Qf5 Be6 17. Qf3 Bd5 18. Qf5 1/2-1/2

[Event "AUTO-OPEN-1375"]
[Site "http://www.queenalice.com/game.php?id=622187"]
[Date "2009.7.20"]
[Round "3"]
[White "fabricec121"]
[Black "proficio"]
[Result "1-0"]
[WhiteElo "2269"]
[BlackElo "2007"]

1. d4 e6 2. Nf3 c5 3. g3 Nf6 4. Bg2 Nc6 5. O-O d5 6. c4 Be7 7. cxd5 Qxd5 8. Ne5
Qd6 9. Nxc6 bxc6 10. Bf4 Qd7 11. dxc5 Bxc5 12. Qc2 Nd5 13. Qxc5 Nxf4 14. gxf4
Bb7 15. Nc3 Qe7 16. Bxc6+ 1-0

[Event "AUTO-OPEN-1375"]
[Site "http://www.queenalice.com/game.php?id=622188"]
[Date "2009.7.20"]
[Round "3"]
[White "proficio"]
[Black "fabricec121"]
[Result "0-1"]
[WhiteElo "2014"]
[BlackElo "2267"]

1. e4 e5 2. Nf3 Nf6 3. Nc3 Nc6 4. Bb5 Bb4 5. O-O O-O 6. d3 d6 7. Bg5 Bxc3 8.
bxc3 Qe7 9. Re1 Nd8 10. c4 Ne6 11. c3 Nxg5 12. Nxg5 Bg4 13. Nf3 c6 14. Ba4 Qc7
15. Bc2 Qa5 16. Rb1 Qxc3 17. Rxb7 Bxf3 18. gxf3 Rfb8 19. Rc7 Rb2 20. Bb3 Nh5 21.
Rxc6 Nf4 22. Rf1 Qd4 23. Qa1 Qxd3 24. Qxb2 Qxf3 25. Rxd6 Qg2# 0-1

[Event "Challenge"]
[Site "http://www.queenalice.com/game.php?id=655584"]
[Date "2009.9.20"]
[Round "-"]
[White "fabricec121"]
[Black "Conde7"]
[Result "0-1"]
[WhiteElo "2268"]
[BlackElo "2726"]

1. d4 Nf6 2. c4 e6 3. Nf3 b6 4. g3 Bb7 5. Bg2 Be7 6. O-O O-O 7. Nc3 Ne4 8. Qc2
Nxc3 9. Qxc3 d6 10. b3 Nd7 11. Bb2 Nf6 12. Rfd1 Qc8 13. d5 e5 14. Nd2 Qg4 15. e4
a5 16. Qe3 Nd7 17. h3 Qh5 18. Qf3 Qxf3 19. Nxf3 Nc5 20. Ne1 Bc8 21. Nd3 f5 22.
Nxc5 bxc5 23. Re1 f4 24. Kh2 a4 25. Bc3 Bd7 26. g4 f3 27. Bh1 Bh4 28. Re3 Bxf2
29. Rxf3 Rxf3 30. Bxf3 Bd4 31. Bxd4 exd4 32. Rb1 axb3 33. axb3 Kf7 34. Kg3 Kf6
35. b4 cxb4 36. Rxb4 Ra3 37. Rb7 Ba4 38. Kf2 d3 39. Rb2 Ke5 40. Rd2 Kd4 41. g5
Bb3 42. h4 Ra2 43. Rxa2 Bxa2 44. h5 Bxc4 0-1

[Event "AUTO-MASTER-740"]
[Site "http://www.queenalice.com/game.php?id=668591"]
[Date "2009.10.17"]
[Round "2"]
[White "puddschini"]
[Black "fabricec121"]
[Result "1-0"]
[WhiteElo "2485"]
[BlackElo "2282"]

1. e4 e6 2. d4 d5 3. Nc3 dxe4 4. Nxe4 Nd7 5. Nf3 Ngf6 6. Bd3 c5 7. Nxf6+ Nxf6 8.
Be3 b6 9. Ne5 a6 10. c3 Bb7 11. O-O cxd4 12. cxd4 Qd5 13. f3 Be7 14. Rc1 O-O 15.
Rc7 Bd6 16. Bc4 Bxc7 17. Bxd5 Nxd5 18. Re1 Rac8 19. Bf2 Bd6 20. Qb3 Rc7 21. Bg3
Rfc8 22. Nd3 Bxg3 23. hxg3 Rc4 24. a3 R8c7 25. Nf4 b5 26. Qd3 h6 27. Kf2 Ne7 28.
g4 Rd7 29. Ne2 Nc6 30. Rd1 Nxd4 31. Nxd4 Rcxd4 32. Qxd4 Rxd4 33. Rxd4 Bd5 34.
Rxd5 exd5 35. Ke3 Kf8 36. Kd4 Ke7 37. Kxd5 Kd7 38. Kc5 Kc7 39. f4 g6 40. g5 h5
41. g3 Kd7 42. Kb6 Ke6 43. Kxa6 Kf5 44. Kxb5 Kg4 45. a4 Kxg3 46. a5 Kxf4 47. a6
Kxg5 48. a7 1-0

[Event "AUTO-MASTER-740"]
[Site "http://www.queenalice.com/game.php?id=668592"]
[Date "2009.10.17"]
[Round "2"]
[White "fabricec121"]
[Black "puddschini"]
[Result "0-1"]
[WhiteElo "2274"]
[BlackElo "2459"]

1. d4 Nf6 2. c4 e6 3. Nf3 c5 4. g3 cxd4 5. Nxd4 d5 6. Bg2 e5 7. Nf3 d4 8. O-O
Nc6 9. e3 Bc5 10. exd4 exd4 11. Re1+ Be6 12. Ng5 O-O 13. Nxe6 fxe6 14. Nd2 Qd6
15. Ne4 Nxe4 16. Bxe4 d3 17. Be3 d2 18. Re2 Bxe3 19. Rxe3 Rad8 20. Kg2 Ne5 21.
b3 Qd4 22. Rb1 Rf6 23. Bxh7+ Kxh7 24. Qh5+ Kg8 25. Qxe5 Qxe5 26. Rxe5 d1=Q 0-1

[Event "AUTO-MASTER-740"]
[Site "http://www.queenalice.com/game.php?id=668593"]
[Date "2009.10.17"]
[Round "2"]
[White "BEBADO"]
[Black "fabricec121"]
[Result "0-1"]
[WhiteElo "2155"]
[BlackElo "2276"]

1. d4 Nf6 2. c4 e5 3. dxe5 Ng4 4. Nf3 Nc6 5. Nc3 Ngxe5 6. Nxe5 Nxe5 7. e3 g6 8.
Be2 d6 9. O-O Bg7 10. Qc2 O-O 11. b3 Be6 12. Bb2 Re8 13. e4 Nc6 14. Nb5 a6 15.
Bxg7 Kxg7 16. Qc3+ Kg8 17. Nd4 Qf6 18. Rfd1 Re7 19. Rac1 Nxd4 20. Qxd4 Qxd4 21.
Rxd4 b6 22. f4 Rae8 23. Bf3 f6 24. f5 gxf5 25. exf5 Bxf5 26. Rf4 Re1+ 27. Rxe1
Rxe1+ 28. Kf2 Re5 29. g4 Bc2 30. Rxf6 Kg7 31. Rf4 Ra5 32. Bd5 c6 33. Bxc6 Rxa2
34. Kg3 Bxb3 35. h4 Rc2 36. Bd5 Rc3+ 37. Kf2 b5 38. Bb7 Rxc4 39. Rxc4 bxc4 40.
Bxa6 d5 41. Ke3 c3 42. Bd3 d4+ 43. Ke2 Be6 44. g5 Bg4+ 45. Ke1 Bh5 46. Bc2 Bg6
0-1

[Event "AUTO-MASTER-740"]
[Site "http://www.queenalice.com/game.php?id=668594"]
[Date "2009.10.17"]
[Round "2"]
[White "fabricec121"]
[Black "BEBADO"]
[Result "1-0"]
[WhiteElo "2271"]
[BlackElo "2231"]

1. e4 e6 2. d3 d5 3. Nd2 c5 4. g3 Nf6 5. Bg2 Nc6 6. Ngf3 Be7 7. O-O O-O 8. Re1
b5 9. e5 Nd7 10. Nf1 a5 11. h4 b4 12. Bf4 Ba6 13. Ng5 Qe8 14. Qg4 Nd4 15. Rac1
h6 16. Nf3 Nxf3+ 17. Bxf3 Kh7 18. Nd2 Rc8 19. Bg2 c4 20. dxc4 Bxc4 21. Nxc4 Rxc4
22. Bf1 Rc6 23. Bd3+ g6 24. h5 Kg7 25. Be3 Bc5 26. Bxc5 Nxc5 27. Bb5 Qc8 28.
Bxc6 Qxc6 29. Qd4 Rc8 30. hxg6 fxg6 31. c4 bxc3 32. Rxc3 1-0

[Event "AUTO-ELITE-644"]
[Site "http://www.queenalice.com/game.php?id=849683"]
[Date "2010.10.23"]
[Round "1"]
[White "lupengui"]
[Black "fabricec121"]
[Result "1-0"]
[WhiteElo "2460"]
[BlackElo "2276"]

1. e4 e6 2. d4 d5 3. Nd2 dxe4 4. Nxe4 Nd7 5. Nf3 Ngf6 6. Nxf6+ Nxf6 7. Bd3 c5 8.
Be3 Qc7 9. Qe2 a6 10. c3 Bd6 11. dxc5 Bxc5 12. O-O Bd7 13. Rfe1 O-O 14. Rad1
Bxe3 15. Qxe3 Rac8 16. Ne5 Bc6 17. h3 Rfd8 18. c4 b6 19. c5 bxc5 20. Bxa6 Rxd1
21. Rxd1 Ra8 22. Qxc5 Rxa6 23. Rd6 Ne4 24. Rxc6 Rxc6 25. Qxc6 Qxc6 26. Nxc6 Nc5
27. Kf1 Kf8 28. b4 Na4 29. Ke1 Ke8 30. Kd2 f6 31. Kc2 Kd7 32. Kb3 Nb6 33. b5 Nd5
34. a4 Kc7 35. a5 Nf4 36. Kc4 1-0

[Event "AUTO-ELITE-644"]
[Site "http://www.queenalice.com/game.php?id=849684"]
[Date "2010.10.23"]
[Round "1"]
[White "fabricec121"]
[Black "lupengui"]
[Result "0-1"]
[WhiteElo "2283"]
[BlackElo "2455"]

1. d4 d5 2. Nf3 Nf6 3. c4 e6 4. g3 dxc4 5. Bg2 c5 6. O-O Nc6 7. Qa4 Bd7 8. Qxc4
b5 9. Qd3 Rc8 10. dxc5 Bxc5 11. Nc3 b4 12. Ne4 Nxe4 13. Qxe4 Qe7 14. Be3 f5 15.
Qd3 Bxe3 16. Qxe3 O-O 17. Ne5 Nxe5 18. Qxe5 Qc5 19. Qxc5 Rxc5 20. Rac1 Rfc8 21.
Rxc5 Rxc5 22. Rd1 Bb5 23. e3 Be2 24. Rb1 Rc2 25. h3 Kf7 26. e4 Bd3 27. exf5 Bxf5
28. a4 Rd2 29. Rc1 Rxb2 30. Rc7+ Kf6 31. Rxa7 b3 32. Rb7 Bc2 33. Rb6 Ke5 34. f4+
Kd4 35. Rd6+ Kc3 36. Rxe6 Ra2 37. Rc6+ Kb4 0-1

[Event "AUTO-ELITE-644"]
[Site "http://www.queenalice.com/game.php?id=849689"]
[Date "2010.10.23"]
[Round "1"]
[White "Tecodamara"]
[Black "fabricec121"]
[Result "1-0"]
[WhiteElo "2482"]
[BlackElo "2264"]

1. d4 Nf6 2. c4 e5 3. dxe5 Ng4 4. Bf4 Nc6 5. Nf3 Bb4+ 6. Nbd2 Qe7 7. e3 Ngxe5 8.
Nxe5 Nxe5 9. Be2 O-O 10. O-O Bxd2 11. Qxd2 d6 12. b4 a5 13. a3 b6 14. c5 bxc5
15. bxc5 Ba6 16. Bxa6 Rxa6 17. cxd6 cxd6 18. Rac1 Qe6 19. h3 d5 20. Bxe5 Qxe5
21. Rc5 Qe7 22. Rxa5 Rfa8 23. Rxa6 Rxa6 24. Rc1 Ra8 25. Qxd5 Qxa3 26. Rc7 Qf8
27. e4 Ra1+ 28. Kh2 Ra6 29. e5 Re6 30. f4 Re8 31. f5 h5 32. Rd7 h4 33. f6 g6 34.
Rc7 Rd8 35. Qb3 Qe8 36. Re7 1-0

[Event "AUTO-ELITE-644"]
[Site "http://www.queenalice.com/game.php?id=849690"]
[Date "2010.10.23"]
[Round "1"]
[White "fabricec121"]
[Black "Tecodamara"]
[Result "0-1"]
[WhiteElo "2270"]
[BlackElo "2478"]

1. d4 Nf6 2. c4 e6 3. Nf3 d5 4. g3 Bb4+ 5. Bd2 Be7 6. Bg2 O-O 7. O-O dxc4 8. Qa4
a6 9. Qxc4 b5 10. Qd3 Bb7 11. a3 c5 12. dxc5 Qxd3 13. exd3 Bxc5 14. Be3 Nbd7 15.
Nc3 Rfd8 16. Rfd1 Rac8 17. Rac1 Bxe3 18. fxe3 Ng4 19. Nh4 Bxg2 20. Nxg2 Nde5 21.
h3 Nxd3 22. hxg4 Nxc1 23. Rxc1 Rc4 24. e4 Rd3 25. Kh2 Rd2 26. b3 Rc6 27. Rd1
Rxd1 28. Nxd1 Rc1 29. Nge3 Ra1 30. a4 bxa4 31. bxa4 Rxa4 32. Nc3 Ra3 33. Ned1 a5
34. Kg2 a4 35. Kf2 Ra1 0-1